[Event "Olympiad Women 2024"]
[Site "Budapest HUN"]
[Date "2024.09.12"]
[Round "2.24"]
[Board "1"]
[White "Perez Rodriguez, Jennifer"]
[Black "Brunello, Marina"]
[Result "1-0"]
[WhiteElo "2224"]
[BlackElo "2348"]
[PlyCount "93"]
[EventDate "2024.09.11"]
[WhiteTeam "Paraguay"]
[BlackTeam "Italy"]
[WhiteTeamCountry "PAR"]
[BlackTeamCountry "ITA"]

1. d4 Nf6 2. Bf4 b6 3. e3 Bb7 4. Nf3 g6 5. h3 Bg7 6. Be2 O-O 7. O-O d6 8. a4 Nbd7 9. Nc3 $146 ({RR} 9. a5 a6 10. axb6 cxb6 11. Nbd2 Ra7 12. Re1 Qa8 13. Bf1 Nd5 14. Bh2 b5 15. Nb3 N5b6 16. Na5 Bd5 17. Nd2 Nf6 18. c3 Qe8 19. b3 Ne4 20. c4 Nxd2 21. Qxd2 bxc4 22. bxc4 Ba8 23. Qb4 Nd7 {1-0 Gelle,I (2307)-Havasi,J (2136) Budapest-chT1 Lilienthal 1718 2017 (12)}) ({RR} 9. a5 bxa5 10. Nbd2 c5 11. Nc4 Ba6 12. Nxa5 Bxe2 13. Qxe2 Qb6 14. c3 Ne4 15. Qc2 d5 16. Nd2 Nxd2 17. Qxd2 Rfd8 18. Rfd1 c4 19. b3 cxb3 20. Rdb1 e5 21. Rxb3 Qe6 22. Bg3 Nb6 23. Nb7 Nc4 {1-0 Carlsen,M (2832)-Guseinov,G (2645) chess.com Speed 3m+2spm 2017 blitz (1.14)}) ({RR} 9. a5 Qe8 10. a6 Bxf3 11. Bxf3 Rd8 12. Bc6 e5 13. Bh2 Qe6 14. d5 Qe7 15. Nc3 Nb8 16. Bb7 Qd7 17. Qe2 c6 18. e4 cxd5 19. exd5 Ne8 20. Nb5 Nc7 21. c4 Nxb5 22. cxb5 Qf5 23. Rac1 Nd7 {0-1 Sydykov,B (2268)-Samant,A (2472) Titled Tue 10th Sep Early 2024 (6)}) ({RR} 9. a5 Re8 10. a6 Bc8 11. Bb5 c5 12. Bc6 Rb8 13. Qd3 Qc7 14. Qb5 Rd8 15. Nc3 Nf8 16. Rfd1 Ne6 17. Bh2 Bd7 18. Bxd7 Qxd7 19. Qxd7 Rxd7 20. Nb5 Ra8 21. c4 Ne4 22. Nd2 Nf6 23. Nb1 Ne8 {½-½ Fernandez Serrano,P (1991)-Garcia Marin,G (2066) Catalunya-chT Gp2 2018 (7.8)}) 9... Re8 10. Bh2 a6 11. Qd3 e5 12. dxe5 dxe5 13. Qc4 Rc8 14. Rfd1 Qe7 15. e4 Bf8 16. Nd2 a5 17. f3 Nc5 18. Qa2 Nh5 19. Bc4 Bh6 20. Nf1 Rf8 21. Kh1 c6 22. Ne2 Rcd8 23. Qa3 Qg5 24. b4 Na6 25. bxa5 bxa5 26. Qb2 Qe7 27. Bxe5 Rxd1 28. Rxd1 Re8 29. Qb6 Qxe5 30. Qxb7 Nc7 31. Qxc6 Nf4 32. Qd6 Nxe2 33. Qxe5 Rxe5 34. Bxe2 Rc5 35. c4 Bg5 36. Nd2 Bxd2 37. Rxd2 g5 38. Kg1 Kg7 39. Kf2 h5 40. g3 Kf6 41. Ke3 h4 42. gxh4 gxh4 43. f4 Rc6 44. Rb2 Na8 45. e5+ Ke7 46. Bf3 Rb6 47. Rb5 1-0

[Event "Olympiad Women 2024"]
[Site "Budapest HUN"]
[Date "2024.09.12"]
[Round "2.24"]
[Board "2"]
[White "Zimina, Olga"]
[Black "Vargas, Gabriela"]
[Result "1/2-1/2"]
[WhiteElo "2302"]
[BlackElo "2109"]
[PlyCount "196"]
[EventDate "2024.09.11"]
[WhiteTeam "Italy"]
[BlackTeam "Paraguay"]
[WhiteTeamCountry "ITA"]
[BlackTeamCountry "PAR"]

1. Nf3 d5 2. g3 Nf6 3. Bg2 e6 4. O-O Be7 5. d3 O-O 6. Nbd2 c5 7. e4 Nc6 8. Re1 b5 9. e5 Nd7 10. Nf1 a5 11. h4 a4 12. a3 b4 13. Bf4 bxa3 14. bxa3 Ba6 15. Ne3 Nd4 ({RR} 15... Rb8 16. c4 dxc4 17. Nxc4 Nb6 18. Nd6 Nd5 19. Qxa4 Rb6 20. Rac1 Nxf4 21. Qxf4 Nxe5 22. Nxe5 Bxd6 23. Qe3 Rb3 24. a4 Qc7 25. Nc4 Be7 26. Ne5 Bd6 27. Nc4 Be7 28. Ne5 {½-½ Svidler,P (2756)-Karjakin,S (2772) RUS-chT 21st 2014 (3.1)}) 16. Bh3 $146 ({RR} 16. c4 Nb3 17. cxd5 Nxa1 18. Qxa1 exd5 19. Nxd5 Bxd3 20. e6 Nf6 21. Nxe7+ Qxe7 22. Ne5 Bg6 23. Nc6 Qb7 24. Bd6 Be4 25. Rxe4 Qxc6 26. Bxf8 Rxf8 27. Qxf6 Qxe4 28. Qxf7+ Rxf7 29. exf7+ Kxf7 30. Bxe4 {1-0 Gheorghiu,F-Uhlmann,W EU-chT 04th Group4 1967 (4)}) ({RR} 16. Nxd4 cxd4 17. Ng4 h5 18. Nh2 g6 19. Nf3 Qb6 20. Bg5 Bxg5 21. Nxg5 Rac8 22. g4 hxg4 23. Qxg4 Rxc2 24. Rad1 Nc5 25. h5 Bxd3 26. Rxd3 Nxd3 27. hxg6 fxg6 28. Nxe6 Nxe5 29. Rxe5 Rf6 30. Nf4 Rc1+ {0-1 Mazurkiewicz,M (2224)-Pinero,C (2284) Titled Tue 9th Jul Late 2024 (9)}) ({RR} 16. c4 Nb6 17. cxd5 Nxf3+ 18. Qxf3 Bb7 19. Qg4 f5 20. exf6 Bxf6 21. Qxe6+ Kh8 22. Rab1 Ra6 23. Qd6 Nd7 24. Qc7 Ba8 25. Qxd8 Bxd8 26. Nc4 h6 27. Re6 Ra7 28. Rbe1 Bf6 29. Re8 Kg8 30. Bd6 Rxe8 {1-0 Ost Hansen,J (2331)-Hoi,C (2089) Gentofte Winter 1973 (9)}) 16... Rc8 17. Nd2 Nb6 18. Qg4 Kh8 19. h5 h6 20. Bf1 Rb8 21. Qd1 Bg5 22. Ng2 Bxf4 23. Nxf4 Nd7 24. Ra2 Qa5 25. Bg2 Qc7 26. c3 Nc6 27. Qxa4 Bb5 28. Qc2 Ndxe5 29. a4 Ba6 30. Nf3 Nxf3+ 31. Bxf3 Ne5 32. Bg2 c4 33. dxc4 Bxc4 34. Raa1 Rfc8 35. Qd2 Nc6 36. Bh3 Re8 37. Ng2 Ne5 38. Qe3 Nd3 39. Red1 Nc5 40. Nh4 Rb2 41. Bg2 Re2 42. Qf4 Qxf4 43. gxf4 Rc2 44. f5 Rxc3 45. fxe6 fxe6 46. Re1 Ra8 47. Ng6+ Kh7 48. a5 Ra6 49. Rab1 Bb3 50. Bf1 Rxa5 51. Nf8+ Kg8 52. Nxe6 Nxe6 53. Rxe6 Rac5 54. Re8+ Kf7 55. Rb8 Ba4 56. R1b4 Bd1 57. Rf4+ Ke7 58. Rg8 Bxh5 59. Rxg7+ Ke6 60. Rh7 Rc1 61. Rxh6+ Ke5 62. Rf8 Bg4 63. Re8+ Kf5 64. Kg2 Bf3+ 65. Kxf3 Rxf1 66. Rh5+ Kg6 67. Ree5 Rc2 68. Rhg5+ Kf6 69. Rgf5+ Kg6 70. Kg2 Rd1 71. Rxd5 Rxd5 72. Rxd5 Rc3 73. f3 Kf6 74. Kg3 Rc6 75. Kg4 Rc4+ 76. f4 Rc6 77. Rf5+ Kg6 78. Rg5+ Kf6 79. Rh5 Kg6 80. f5+ Kg7 81. Kg5 Ra6 82. Rh1 Rb6 83. Ra1 Rc6 84. Ra7+ Kf8 85. Rd7 Ra6 86. Kf4 Ke8 87. Rd5 Kf7 88. Ke5 Ke7 89. Rb5 Kf7 90. Rb7+ Kf8 91. Rd7 Ke8 92. Rd6 Rxd6 93. Kxd6 Kf7 94. Ke5 Ke7 95. f6+ Kf7 96. Kf5 Kf8 97. Kg5 Kf7 98. Kf5 Kf8 1/2-1/2

[Event "Olympiad Women 2024"]
[Site "Budapest HUN"]
[Date "2024.09.12"]
[Round "2.24"]
[Board "3"]
[White "Montiel Caceres, Helen"]
[Black "Gueci, Tea"]
[Result "0-1"]
[WhiteElo "1864"]
[BlackElo "2199"]
[PlyCount "118"]
[EventDate "2024.09.11"]
[WhiteTeam "Paraguay"]
[BlackTeam "Italy"]
[WhiteTeamCountry "PAR"]
[BlackTeamCountry "ITA"]

1. d4 d5 2. c4 e6 3. Nc3 Nf6 4. cxd5 exd5 5. Bg5 Bb4 6. e3 h6 7. Bh4 g5 8. Bg3 Ne4 9. Qb3 ({RR} 9. Qc2 h5 10. f3 Nxg3 11. hxg3 Be6 12. Bd3 c6 13. O-O-O Nd7 14. f4 Bg4 15. Nf3 Qe7 16. e4 Bxc3 17. Qxc3 Bxf3 18. gxf3 dxe4 19. Bxe4 gxf4 20. g4 O-O-O 21. d5 h4 22. dxc6 Nc5 23. Bf5+ Kb8 {½-½ Caruana,F (2803)-Nepomniachtchi,I (2758) FIDE Candidates 2024 (14.2)}) 9... c5 10. dxc5 Nc6 11. a3 $146 ({RR} 11. Nf3 Qa5 12. Rc1 Nxc5 13. Qc2 Qxa2 14. Bb5 Qb3 15. O-O Qxc2 16. Rxc2 Bf5 17. Rcc1 Bd3 18. Rfd1 Bxb5 19. Nxb5 Ne6 20. Rxd5 O-O 21. h4 Rad8 22. Rcd1 Rxd5 23. Rxd5 a6 24. Nc7 Nxc7 25. Bxc7 f6 {½-½ Durucay,U (2026)-Harsh,S (2426) 14th Vojvodina Open 2024 (5.4)}) ({RR} 11. Nge2 Qa5 12. O-O-O Be6 13. Nxe4 dxe4 14. Qc2 Rc8 15. Nc3 Bxc5 16. Qxe4 Nb4 17. Kb1 Be7 18. Qe5 Bxa2+ 19. Kc1 Rxc3+ 20. Qxc3 O-O 21. Bc7 Qa4 22. Rd4 Rc8 23. Kd2 Be6 24. Bd3 a5 25. Rc1 Qe8 {0-1 Koellner,R (2440)-Trent,L (2398) Hamburg HSK GM 2022 (7)}) 11... Bxc3+ 12. bxc3 Nxc5 13. Qc2 Qf6 14. Rc1 Bf5 15. Qd1 O-O-O 16. Nf3 Ne4 17. Nd4 Nxg3 18. hxg3 Kb8 19. Qf3 Nxd4 20. cxd4 Qe6 21. Qh5 Bg4 22. Qh2 Rc8 23. Rxc8+ Qxc8 24. Kd2 Qc7 25. Be2 Qa5+ 26. Kd1 Bd7 27. g4+ Ka8 28. Bd3 Qxa3 29. Bc2 Rc8 30. Qxh6 Qa1+ 31. Ke2 Qb2 32. Qxg5 Qxc2+ 33. Kf3 f5 34. Kg3 fxg4 35. Qg7 Qc7+ 36. f4 gxf3+ 37. Kxf3 Bf5 38. Qxc7 Rxc7 39. Kf4 Rh7 40. Rc1 Bd7 41. Ke5 Bc6 42. g4 Re7+ 43. Kf4 Kb8 44. g5 Be8 45. Rh1 Bg6 46. Rh8+ Kc7 47. Rf8 Rf7+ 48. Rxf7+ Bxf7 49. Ke5 Kc6 50. Kf6 Bh5 51. g6 Bxg6 52. Kxg6 a5 53. Kf6 a4 54. Ke6 a3 55. e4 a2 56. exd5+ Kb6 57. d6 a1=Q 58. d7 Qxd4 59. Ke7 Kc7 0-1

[Event "Olympiad Women 2024"]
[Site "Budapest HUN"]
[Date "2024.09.12"]
[Round "2.24"]
[Board "4"]
[White "Sedina, Elena"]
[Black "Oviedo Acosta, Paula"]
[Result "1-0"]
[WhiteElo "2196"]
[BlackElo "1790"]
[PlyCount "71"]
[EventDate "2024.09.11"]
[WhiteTeam "Italy"]
[BlackTeam "Paraguay"]
[WhiteTeamCountry "ITA"]
[BlackTeamCountry "PAR"]

1. e4 c5 2. Nf3 a6 3. c3 g6 4. d4 cxd4 5. cxd4 d5 6. exd5 Nf6 7. Nc3 Bg7 ({RR} 7... Nxd5 8. Bc4 Nxc3 9. bxc3 Bg7 10. h4 Qc7 11. Qb3 e6 12. Bd3 Nc6 13. h5 Bd7 14. Ng5 Rc8 15. Ne4 O-O 16. hxg6 hxg6 17. Bg5 f5 18. Nc5 Na5 19. Qb4 Rf7 20. Rb1 Bf8 21. Kf1 Bc6 22. Kg1 {1-0 Shirov,A (2704)-Kurajica,B (2555) Sarajevo Bosnia 32nd 2002 (2)}) 8. Qb3 Nbd7 ({RR} 8... O-O 9. Be2 Nbd7 10. d6 exd6 11. Bf4 Nb6 12. O-O h6 13. a4 g5 14. Be3 Be6 15. Qb4 Nfd5 16. Nxd5 Nxd5 17. Qxb7 Rb8 18. Qxa6 Rxb2 19. Rfb1 Rxb1+ 20. Rxb1 Qc7 21. Rc1 Qb8 22. Qb5 Qa8 23. Qc6 {0-1 Guimaraes,W (2122)-Martinez Pla,X (2261) Titled Tue 30th Jul Late 2024 (3)}) 9. a4 $146 ({RR} 9. Bg5 Nb6 10. Bxf6 Bxf6 11. Be2 O-O 12. O-O Bf5 13. Rfd1 a5 14. a4 Qd6 15. Ne5 Qb4 16. Qa2 Bc2 17. Rd2 Bb3 18. Qa3 Bg5 19. Rd3 Qxa3 20. bxa3 Bc2 21. Rg3 Bh4 22. Rh3 Bf6 23. Rc1 Bf5 {1-0 Jirasek,P (2277)-Sedlacek,O (2333) CZE-chT2D 0809 2008 (8.1)}) ({RR} 9. Be2 Nb6 10. Ne5 Nfxd5 11. Bf3 Be6 12. Nxd5 Bxd5 13. Bxd5 Nxd5 14. Qxb7 O-O 15. O-O Qd6 16. Nc4 Qe6 17. Ne3 Rfd8 18. Nxd5 Qxd5 19. Qxe7 Bxd4 20. Qa3 Qb5 21. Qf3 Rac8 22. Rb1 Rc2 23. g3 Qc4 {0-1 Klip,H (2302)-Adamski,J (2229) NRW Class2 1718 2017 (2.3)}) 9... Nb6 10. Bg5 Nfxd5 11. a5 Nxc3 12. bxc3 Nd7 13. Bc4 O-O 14. O-O h6 15. Bh4 g5 16. Bg3 b5 17. Bd5 Ra7 18. Rfe1 Nf6 19. Bc6 Bd7 20. Ne5 Be6 21. Qa3 Bd5 22. Bxd5 Qxd5 23. Nd3 Ne4 24. Nb4 Qa8 25. Be5 Bxe5 26. dxe5 Rc8 27. Re3 Rac7 28. Rc1 Rc4 29. Qb2 Rd8 30. Nd3 Qc8 31. e6 Rxc3 32. exf7+ Kf8 33. Rce1 Nf6 34. Qe2 Rcxd3 35. Rxd3 Rxd3 36. Qxe7+ 1-0

[Event "Olympiad Women 2024"]
[Site "Budapest HUN"]
[Date "2024.09.12"]
[Round "2.25"]
[Board "1"]
[White "Efroimski, Marsel"]
[Black "Shuqja, Klean"]
[Result "1-0"]
[WhiteElo "2408"]
[BlackElo "2042"]
[PlyCount "53"]
[EventDate "2024.09.11"]
[WhiteTeam "Israel"]
[BlackTeam "Albania"]
[WhiteTeamCountry "ISR"]
[BlackTeamCountry "ALB"]

1. e4 d5 2. exd5 Qxd5 3. Nc3 Qd6 4. d4 Nf6 5. Nf3 g6 6. h3 Bg7 7. Be3 O-O 8. Qd2 c6 ({RR} 8... Nc6 9. O-O-O Nd5 10. Nxd5 Qxd5 11. c4 Qa5 12. Qxa5 Nxa5 13. d5 b6 14. Bd3 Ba6 15. b3 c6 16. Rhe1 cxd5 17. cxd5 Bb7 18. Bg5 Bxd5 {½-½ Anand,V (2788)-Kramnik,V (2759) Zuerich Champions rap rapid 2009 (6)}) ({RR} 8... a6 9. g4 b5 10. a3 Bb7 11. Bf4 Qe6+ {0-1 Ruano Azua,J (1977)-Cruz Lledo,P (2353) 50th La Roda Open 2024 (4.14)}) 9. Bh6 Be6 10. Be2 Nbd7 $146 ({RR} 10... c5 11. Bf4 Qd8 12. dxc5 Qxd2+ 13. Nxd2 Nbd7 14. Be3 Rac8 15. Nb3 Nd5 16. Nxd5 Bxd5 17. O-O-O Bxg2 18. Rh2 Bc6 19. Na5 Nb8 20. Nxc6 Nxc6 21. Rd7 Be5 22. Rh1 Rc7 23. Rhd1 Rfc8 24. Bb5 Rxd7 25. Rxd7 {0-1 Suito Nakasone,C (1814)-Besso,G (2017) ARG-ch sf Vicente Lopez 2016 (6)}) 11. Bf4 Qb4 12. O-O Rfc8 13. Rfe1 a5 14. Ng5 Nf8 15. a3 Qb6 16. Na4 Qa7 17. c4 b6 18. Bf1 Rd8 19. Nf3 N8d7 20. Nc3 Nc5 21. Qe3 Nb3 22. Rad1 Bf5 23. Bd3 Bxd3 24. Rxd3 e6 25. Bg5 Rdc8 26. Bxf6 Bxf6 27. Ne4 1-0

[Event "Olympiad Women 2024"]
[Site "Budapest HUN"]
[Date "2024.09.12"]
[Round "2.25"]
[Board "2"]
[White "Geske, Bruna"]
[Black "Orian, Noga"]
[Result "0-1"]
[WhiteElo "2023"]
[BlackElo "2187"]
[PlyCount "60"]
[EventDate "2024.09.11"]
[WhiteTeam "Albania"]
[BlackTeam "Israel"]
[WhiteTeamCountry "ALB"]
[BlackTeamCountry "ISR"]

1. e4 c5 2. Nf3 Nc6 3. Bb5 d6 4. O-O Bd7 5. Re1 Nf6 6. h3 a6 7. Bf1 Ne5 ({RR} 7... e6 8. c3 Be7 9. Na3 O-O 10. Nc2 Ne5 11. d3 Nxf3+ 12. Qxf3 Ba4 13. Qe2 Bc6 14. g3 d5 15. e5 Nd7 16. h4 Qb6 17. Bg2 Rae8 18. Rb1 Bd8 19. b4 Qc7 20. Bf4 Be7 21. Ne3 cxb4 22. cxb4 {½-½ Leko,P (2730)-Topalov,V (2711) Dortmund SuperGM 2001 (9)}) 8. Nc3 $146 ({RR} 8. d3 Bc6 9. Nbd2 e6 10. a4 b5 11. d4 Nxf3+ 12. Nxf3 Nxe4 13. dxc5 Nxc5 14. Nd4 Bd7 15. axb5 axb5 16. Rxa8 Qxa8 17. Nxb5 Qb8 18. c4 Be7 19. Bf4 e5 20. Be3 O-O 21. Bxc5 Bxb5 22. cxb5 dxc5 {1-0 Lee,O (2288)-Coelho,L (2392) Paulista-chT Interclubes 2008 (1)}) ({RR} 8. Nxe5 dxe5 9. a4 Bc6 10. d3 b5 11. Be3 e6 12. Nd2 Be7 13. Nb3 Nd7 14. axb5 axb5 15. Rxa8 Qxa8 16. Qd2 O-O 17. Ra1 Qb7 18. Na5 Qa6 19. Nxc6 Qxc6 20. Be2 Ra8 21. Rxa8+ {½-½ Elgersma,S (2263)-Van Baar,E (2252) Amsterdam Science Park op-A 2018 (9)}) ({RR} 8. c3 Nxf3+ 9. Qxf3 Bc6 10. d4 d5 11. e5 Ne4 12. Qe3 e6 13. f3 Ng3 14. Bd3 cxd4 15. cxd4 h5 16. Qf4 h4 17. Qg4 Bb5 18. Bxb5+ axb5 19. Bg5 Qa5 20. Nd2 Nf5 21. Nb3 Qb6 22. Rec1 Kd7 {0-1 Belenkaya,D (2200)-Agopov,M (2429) Keres Memorial-A 2013 (8)}) 8... e6 9. a4 Be7 10. Nxe5 dxe5 11. a5 Bc6 12. d3 Qc7 13. Be3 O-O 14. Qc1 Nd7 15. Nb1 f5 16. f3 Bh4 17. Rd1 Rf7 18. exf5 exf5 19. Kh1 Kh8 20. Nd2 g5 21. Nb3 g4 22. Nxc5 Nxc5 23. Bxc5 gxf3 24. Kg1 fxg2 25. Be2 f4 26. Bh5 Qd7 27. Bg4 Qd5 28. Bf2 Bxf2+ 29. Kxf2 Qd4+ 30. Ke2 f3+ 0-1

[Event "Olympiad Women 2024"]
[Site "Budapest HUN"]
[Date "2024.09.12"]
[Round "2.25"]
[Board "3"]
[White "Levitan, Ronit"]
[Black "Caku, Kler"]
[Result "1-0"]
[WhiteElo "2137"]
[BlackElo "1859"]
[PlyCount "121"]
[EventDate "2024.09.11"]
[WhiteTeam "Israel"]
[BlackTeam "Albania"]
[WhiteTeamCountry "ISR"]
[BlackTeamCountry "ALB"]

1. e4 e5 2. Nf3 Nc6 3. Bb5 a6 4. Ba4 Nf6 5. O-O b5 6. Bb3 Be7 7. Re1 O-O 8. h3 d6 9. c3 Na5 10. Bc2 c5 11. d4 Qc7 12. d5 Bd7 13. b3 c4 14. b4 Nb7 15. a4 a5 16. axb5 axb4 17. Rxa8 Rxa8 18. cxb4 Bxb5 19. Nc3 Be8 20. Be3 Nd7 21. Qe2 $146 ({RR} 21. Qc1 Nb8 22. Qb2 Bd8 23. Nd2 h6 24. Bd1 Bg5 25. Bxg5 hxg5 26. Be2 Nd7 27. Nxc4 Nb6 28. Nxb6 Qxb6 29. b5 Nc5 30. Ra1 Rxa1+ 31. Qxa1 Nb3 32. Qa8 Kf8 33. Qa6 Qd4 34. Qxd6+ Kg8 35. Qd8 Qxc3 {½-½ Khripachenko,A (2346)-Tworuszka,M (2260) Titled Tue 25th Jun Late 2024 (1)}) ({RR} 21. Ba4 Nb6 22. Bxe8 Rxe8 23. Qa1 Ra8 24. Bxb6 Rxa1 25. Bxc7 Ra6 26. Rb1 Kf8 27. Nd2 Ke8 28. Nxc4 Kd7 29. b5 {1-0 Shahade,G (2476)-Suvorov,L (2279) Titled Tuesday intern op 06th Apr blitz 2021 (3)}) 21... Nf8 22. Rc1 Ng6 23. Nd2 Rc8 24. g3 Bd7 25. Kg2 Nd8 26. Ra1 Rb8 27. Rb1 Rc8 28. h4 Bf6 29. h5 Nf4+ 30. gxf4 exf4 31. Bxf4 Bxc3 32. Qe3 Be5 33. h6 g6 34. Nf3 f6 35. Nxe5 dxe5 36. Bg3 Nf7 37. b5 Rb8 38. b6 Qd6 39. f3 Qf8 40. Bf2 Rb7 41. Bd1 Ng5 42. f4 Nh3 43. fxe5 fxe5 44. Bg3 Nf4+ 45. Bxf4 exf4 46. Qf3 Qxh6 47. Be2 Qg5+ 48. Kf2 Qh4+ 49. Kg2 h5 50. Bxc4 Bg4 51. d6+ Kh7 52. Qxf4 g5 53. Qg3 Bh3+ 54. Qxh3 Qxe4+ 55. Qf3 Qc2+ 56. Be2 Qc8 57. Qxh5+ Kg8 58. Qg6+ Rg7 59. Bc4+ Qxc4 60. Qe8+ Kh7 61. Rh1+ 1-0

[Event "Olympiad Women 2024"]
[Site "Budapest HUN"]
[Date "2024.09.12"]
[Round "2.25"]
[Board "4"]
[White "Shabanaj, Eglantina"]
[Black "Kochavi, Dana"]
[Result "0-1"]
[WhiteElo "1957"]
[BlackElo "2009"]
[PlyCount "182"]
[EventDate "2024.09.11"]
[WhiteTeam "Albania"]
[BlackTeam "Israel"]
[WhiteTeamCountry "ALB"]
[BlackTeamCountry "ISR"]

1. e4 {Postny,Evgeny} c6 2. d4 d5 3. exd5 cxd5 4. Bd3 Nc6 5. c3 Qc7 6. h3 Nf6 7. Nf3 ({RR} 7. Ne2 e5 8. dxe5 Nxe5 9. Bf4 Bd6) 7... g6 8. Nbd2 ({RR} 8. O-O Bf5 ({RR} 8... Bg7) 9. Re1 ({RR} 9. Bxf5 gxf5 10. Re1 e6 11. c4 dxc4 12. Nc3 O-O-O 13. Qa4 Nd5 14. Qxc4 Kb8 15. Bg5 Be7 16. Nxd5 Rxd5 17. Bxe7 Nxe7 18. Qxc7+ Kxc7 19. Ng5) 9... Bxd3 10. Qxd3 Bg7 11. Nbd2 ({RR} 11. Ne5 O-O ({RR} 11... Nd7 12. Nxd7 Qxd7 13. Bf4) 12. Bf4) 11... O-O 12. Nb3 e6 13. a4 Rfe8 14. g3 Ne4 15. Bf4 Qd8 16. h4 ({RR} 16. Nbd2 g5 17. Be3 f5) 16... h6 17. Kg2 g5 18. hxg5 hxg5 19. Be3 f5 20. Ng1 Qf6 ({RR} 20... e5 21. f3 ({RR} 21. dxe5 Nxe5 22. Qd1 f4 23. gxf4 gxf4 24. Bxf4 Re6) 21... Nxg3 22. Kxg3 f4+ 23. Kg2 fxe3 24. Rxe3 Qd7 ({RR} 24... g4 25. fxg4 e4) 25. Ne2 Ne7 26. Ng3) 21. Ne2 Rad8 22. f3 Nd6 {½-½ Ponomariov,R (2734)-Le,Q (2681) Dortmund SuperGM 38th 2010 (10)}) 8... Bf5 ({RR} 8... Bg7 9. O-O O-O 10. Re1 Bf5 11. Nb3 Rac8 12. Nc5 b6 13. Bxf5 gxf5 14. Nd3 Ne4 15. Bf4 Qd8 16. Nfe5 Nxe5 17. Bxe5 e6 18. f3 Nd6 19. Qd2 Nc4 20. Qf4 f6 21. Bb8 Rxb8 22. Rxe6 Qd7 23. Rae1 {0-1 Parfenov,V (2193)-Mrudul,D (2059) Titled Tue 29th Aug Early 2023 (2)}) 9. Qe2 Nh5 $146 ({RR} 9... Bxd3 10. Qxd3 Bg7 11. O-O O-O 12. Re1 Nd7 13. Nf1 h6 14. Rb1 Rac8 15. N1h2 Nf6 16. Ne5 e6 17. Neg4 Nxg4 18. Nxg4 h5 19. Nh2 Na5 20. g4 Qc4 21. Qf3 Qxa2 22. Bf4 hxg4 23. Nxg4 Nc4 24. Nh6+ {1-0 Monllor Garcia,Y (1936)-Aranaz Murillo,A (2227) ESP-chT CECLUB Div1 2018 (1.1)}) ({RR} 9... Bxd3 10. Qxd3 Bg7 11. O-O O-O 12. Re1 a6 13. Ne5 Nh5 14. Nxc6 bxc6 15. Nb3 Rfe8 16. Nc5 a5 17. Bg5 e5 18. g4 e4 19. Qe3 Nf6 20. Bf4 Qc8 21. b4 Nd7 22. Nb3 a4 23. Nd2 Nf8 24. Re2 {0-1 Witkowski,R-Roeder,P Neubrandenburg op 1998 (3)}) 10. Nb3 Nf4 11. Bxf4 Qxf4 12. O-O Bg7 13. Nc5 Rb8 14. Bb5 O-O 15. Rfe1 Bf6 16. Qe3 Qd6 17. Bd3 Bc8 18. Bc2 Bg7 19. Rad1 Re8 20. Ne5 b6 21. Nxc6 Qxc6 22. Ba4 b5 23. Bb3 Bf5 24. Qf3 Rbd8 25. a4 a6 26. axb5 axb5 27. g4 Bc8 28. Nd3 Qd6 29. Re2 e6 30. Rde1 Ba6 31. Nb4 Bb7 32. Nd3 Rf8 33. Qe3 Ba6 34. Nb4 Kh8 35. f4 Bb7 36. Bc2 Rde8 37. Nd3 Ba6 38. b4 f6 39. h4 Bc8 40. Qg3 Re7 41. g5 Ref7 42. Rf2 Qc7 43. gxf6 Bxf6 44. Ne5 Rg7 45. Ref1 Qd8 46. Rh2 Bd7 47. Re1 Qc7 48. Kh1 Rc8 49. Re3 Qa7 50. Rhe2 Qa3 51. Ng4 Bxd4 52. cxd4 Qc1+ 53. Qe1 Qxe1+ 54. Rxe1 Rxc2 55. Ne5 Bc8 56. Ra1 Rgc7 57. Nd3 R7c3 58. Ra8 Kg7 59. Ra7+ Kg8 60. Ra8 Rd2 61. Rxe6 Rdxd3 62. Re8+ Kf7 63. Rexc8 Rxc8 64. Rxc8 Rxd4 65. h5 Rxf4 66. Rc7+ Kf6 67. Rxh7 Rh4+ 68. Kg2 gxh5 69. Kg3 Rxb4 70. Rxh5 Ke6 71. Kf3 Re4 72. Rh6+ Ke5 73. Rb6 b4 74. Kf2 Rc4 75. Ke3 d4+ 76. Kd3 Rc3+ 77. Kd2 b3 78. Rb5+ Ke4 79. Rb4 Kd5 80. Rb5+ Kc4 81. Rb8 Rc2+ 82. Kd1 d3 83. Rc8+ Kb4 84. Rb8+ Ka3 85. Rd8 Rc4 86. Rxd3 Ka2 87. Rd8 b2 88. Ra8+ Kb3 89. Rb8+ Kc3 90. Rb7 Rd4+ 91. Ke2 Rb4 0-1

[Event "Olympiad Women 2024"]
[Site "Budapest HUN"]
[Date "2024.09.12"]
[Round "2.26"]
[Board "1"]
[White "Varela La Madrid, Tilsia Carolina"]
[Black "Francisco Guecamburu, Candela Be"]
[Result "0-1"]
[WhiteElo "2017"]
[BlackElo "2294"]
[PlyCount "108"]
[EventDate "2024.09.11"]
[WhiteTeam "Venezuela"]
[BlackTeam "Argentina"]
[WhiteTeamCountry "VEN"]
[BlackTeamCountry "ARG"]

1. e4 c5 2. c3 d5 3. exd5 Qxd5 4. Nf3 Nf6 5. d4 e6 6. Be3 cxd4 7. cxd4 Bb4+ 8. Nc3 Qa5 9. Bd2 O-O 10. Bd3 Nc6 11. O-O Rd8 12. a3 Bxc3 13. Bxc3 Qh5 14. Re1 Bd7 $146 ({RR} 14... b6 15. Qd2 Bb7 16. Rad1 Rac8 17. h3 h6 18. Qf4 Nd5 19. Qe4 Nf6 20. Qf4 Nd5 {½-½ Rozentalis,E (2531)-Murphy,C (2393) Krakow op-A 2022 (4)}) 15. Bd2 Be8 16. Bf4 Qd5 17. Be5 Nxe5 18. Rxe5 Qd6 19. Qe2 Qb6 20. Re1 Bc6 21. b4 Bxf3 22. Qxf3 Qxd4 23. Bb1 Rac8 24. h3 b6 25. R5e3 Qb2 26. g4 Rc1 27. Be4 Rxe1+ 28. Rxe1 Qd2 29. Re2 Qd1+ 30. Kg2 h6 31. Bc2 Qd5 32. Re3 Rc8 33. Bb3 Qxf3+ 34. Kxf3 Kf8 35. h4 h5 36. gxh5 Nxh5 37. Kg4 Nf6+ 38. Kg5 Rc1 39. Kf4 Ke7 40. Kf3 Ne8 41. Rd3 Nd6 42. Bd1 Nc4 43. Ke2 Nb2 44. Rd2 Nxd1 45. Rxd1 Rxd1 46. Kxd1 Kd6 47. Kd2 b5 48. Ke3 Ke5 49. f4+ Kf5 50. Kf3 a6 51. Kg3 g6 52. Kf3 f6 53. Kg3 Ke4 54. Kg4 Ke3 0-1

[Event "Olympiad Women 2024"]
[Site "Budapest HUN"]
[Date "2024.09.12"]
[Round "2.26"]
[Board "2"]
[White "Campos, Maria Jose"]
[Black "Otazo Sanchez, Annyd Gabriela"]
[Result "1-0"]
[WhiteElo "2252"]
[BlackElo "1976"]
[PlyCount "89"]
[EventDate "2024.09.11"]
[WhiteTeam "Argentina"]
[BlackTeam "Venezuela"]
[WhiteTeamCountry "ARG"]
[BlackTeamCountry "VEN"]

1. c4 {Besenthal,Klaus Guenter} Nf6 2. g3 e6 3. Bg2 d5 4. Nf3 Be7 5. O-O O-O 6. b3 c5 7. e3 d4 8. exd4 cxd4 9. Re1 ({RR} 9. d3 Nc6 10. Qe2 Nd7 11. Nbd2 e5 12. Ne4 Re8 13. a3 a5 14. Rb1 h6 15. g4 Nf8 16. g5 hxg5 17. Nexg5 Bf5 18. c5 Ng6 19. b4 axb4 20. axb4 Qd7 21. Re1 Bf8 22. Qc2 b5 23. Qb3 Ra6 {0-1 Caruana,F (2804)-Nakamura,H (2787) Paris GCT rapid 2016 (9)}) ({RR} 9. Ba3 Nc6 10. Re1 Re8 11. d3 Bxa3 12. Nxa3 e5 13. Nc2 h6 14. Nd2 Bf5 15. Ne4 Nxe4 16. Bxe4 Bxe4 17. Rxe4 f5 18. Re1 e4 19. b4 Qf6 20. Kg2 Rad8 21. b5 Ne5 22. dxe4 Nxc4 23. e5 Rxe5 {0-1 Mgeladze,T (2388)-Dubnevych,M (2340) Titled Tue 16th Jan Late 2024 (7)}) 9... d3 $146 ({RR} 9... Nc6 10. Ne5 Nxe5 11. Rxe5 Qc7 12. Re1 e5 13. d3 Bg4 14. Qc2 h6 15. f4 Bd6 16. c5 Bxc5 17. fxe5 Ne8 18. Bb2 Qe7 {½-½ Krassowizkij,J (2411)-Lobzhanidze,D (2453) BL2-Sued 1213 2012 (5.2)}) ({RR} 9... Nc6 10. d3 Ne8 11. Na3 f6 12. Nc2 e5 13. a3 a5 14. Rb1 Rb8 15. b4 axb4 16. axb4 b5 17. Nh4 Na7 18. Bd5+ Rf7 19. Qh5 Nd6 20. c5 Bb7 21. Be6 Bc8 22. Bb3 Nc4 23. dxc4 Be6 24. cxb5 {1-0 Watson,J (2203)-Polavaram,R (2069) Saint Louis SPICE Cup op 12th 2018 (9)}) 10. Ne5 Qd4 11. Nc3 Nbd7 12. Nf3 Qb6 13. Na4 Qc7 14. Bb2 Bd6 15. Rc1 Nc5 16. b4 Nxa4 17. Qxa4 a5 18. c5 Bd7 19. Qb3 Be7 20. a3 axb4 21. axb4 Bb5 22. Nd4 Qd7 23. Re5 Ng4 24. Re4 Ba4 25. Qxd3 e5 26. Qe2 f5 27. Nxf5 Qxf5 28. Rxg4 Bb5 29. Bd5+ Kh8 30. Bxe5 Bf6 31. Bxf6 Rxf6 32. Qxb5 Qxg4 33. Qc4 Qf5 34. Rf1 Rd8 35. Be4 Qd7 36. d3 Rdf8 37. b5 h5 38. c6 bxc6 39. bxc6 Qa7 40. Qd5 g6 41. Qe5 Kg8 42. d4 Qa3 43. c7 Qc3 44. Bb7 Rb6 45. Bd5+ 1-0